Score 0/14 Timer 03:00
0 Plays Today
% Correct
Austin
85.1%
Boise
74.7%
Salem
74.6%
Phoenix
70.4%
Olympia
67.1%
Bismarck
63.6%
Topeka
60%
% Correct
Raleigh
56.9%
Madison
55.9%
Richmond
53.9%
Jackson
52.8%
Columbia
49.7%
Dover
46.4%
Charleston
38.4%
Remove Ads.
Support Sporcle.
Get the best of Sporcle when you Go Orange. This ad-free experience offers more features, more stats, and more fun while also helping to support Sporcle. Thank you for becoming a member.

You're not logged in!

Compare scores with friends on all Sporcle quizzes.
OR
Log In

Show Comments

Extras

Top Quizzes Today


Score Distribution

Your Account Isn't Verified!

In order to create a playlist on Sporcle, you need to verify the email address you used during registration. Go to your Sporcle Settings to finish the process.

Report this User

Report this user for behavior that violates our Community Guidelines.

Details: